000 00320nam a2200145Ia 4500
005 20251222144648.0
008 251222s9999||||xx |||||||||||||| ||spa||
020 _a84-344-8368-8
082 _a870.9/B28
100 _aBayet, Jean
245 0 _aLiteratura Latina
250 _a3a.ed.
264 _bAriel
942 _cLIB
999 _c16965
_d16965